000 00557nam a22001817a 4500
005 20251108171941.0
008 250721s2004 xx 000 0 ara d
082 1 4 _a519.53/قاض
100 1 _aالقاضي، دلال
245 1 0 _aالإحصاء للإداريين و الإقتصاديين /
264 1 _aعمان :
_bدار الحامد للنشر،
_c2004.
300 _a343ص.
650 1 7 _aالإحصاء الوصفي
700 1 _aعبد الله، سهيلة
700 1 _aالبياتي، محمود
942 _2ddc
_cBK
999 _c66719
_d66719